000 00310nam a2200133Ia 4500
005 20260328104320.0
008 260328s9999||||xx |||||||||||||| ||und||
100 _aPastier, John
245 0 _aCesar Pelli /
_cJohn Pastier
260 _bGustavo Gili
300 _a119 p.
650 _aCESAR PELLI
942 _cBK
999 _c11311
_d11311